[Event "Lansing (MOR/7/33)"]
[Site "?"]
[Date "1996.??.??"]
[Round "?"]
[White "Ivey, B."]
[Black "Liu, Zhong"]
[Result "0-1"]
[WhiteElo "1605"]
[BlackElo "1605"]
[PlyCount "87"]
[EventDate "1996.??.??"]

{7/(33)} 1. d4 e6 2. Nf3 Nc6 3. c3 Nf6 4. e3 Be7 5. Bd3 O-O 6. O-O d5 7. Qc2 g6
8. Nbd2 Bd6 9. Re1 e5 10. dxe5 Nxe5 11. h3 Nxd3 12. Qxd3 Bf5 13. Qb5 b6 14. Nd4
Bd7 15. Qf1 a6 16. e4 c5 17. Ne2 dxe4 18. Nc4 Bb5 19. Nxd6 Qxd6 20. Bf4 Qe6 21.
a4 Bc4 22. g4 Nd5 23. Be3 Bd3 24. Qg2 Nxe3 25. fxe3 b5 26. Nf4 Qc4 27. Red1
Rfd8 28. g5 Re8 29. b4 cxb4 30. axb5 bxc3 31. bxa6 c2 32. Rd2 Rac8 33. Ne2 Ra8
34. a7 Qb3 35. Nd4 Qb1+ 36. Rxb1 cxb1=Q+ 37. Kh2 Rxa7 38. Rb2 Qc1 39. Qf2 Rc7
40. Kg3 Qf1 41. Nb5 Qxf2+ 42. Kxf2 Bxb5 43. Rxb5 Rc6 44. Rb4 0-1

[Event "Lansing (MOR/5/51)"]
[Site "?"]
[Date "1996.??.??"]
[Round "?"]
[White "Ivey, B."]
[Black "Hogan, J."]
[Result "1-0"]
[WhiteElo "1605"]
[BlackElo "1605"]
[PlyCount "37"]
[EventDate "1996.??.??"]

{5/(51)} 1. d4 Nc6 2. d5 Na5 3. b4 c6 4. Qd4 cxd5 5. bxa5 e5 6. Qxd5 Bb4+ 7.
Bd2 Be7 8. a6 bxa6 9. Qxa8 Nf6 10. Nc3 O-O 11. Nd5 Nxd5 12. Qxd5 Bb7 13. Qxe5
Bc6 14. Qg3 Bd6 15. Qg4 h5 16. Qxh5 Ba3 17. Qg4 Bd5 18. Bh6 Kh7 19. Qxg7# 1-0

[Event "Lansing (MOR/2/47)"]
[Site "?"]
[Date "1996.??.??"]
[Round "?"]
[White "Ivey, B."]
[Black "Goerke, Jesse"]
[Result "0-1"]
[WhiteElo "1605"]
[BlackElo "1605"]
[PlyCount "38"]
[EventDate "1996.??.??"]

{2/(47)} 1. d4 c5 2. Nf3 Nc6 3. c3 cxd4 4. cxd4 g6 5. e4 Bg7 6. Bc4 Nf6 7. Ng5
e6 8. d5 exd5 9. exd5 Qe7+ 10. Be3 Na5 11. d6 Qe5 12. Bxf7+ Kf8 13. Nc3 Ng4 14.
Qxg4 Qxd6 15. O-O h6 16. Rad1 Qe7 17. Qa4 hxg5 18. Bxg6 Qe5 19. Nd5 Qxh2# 0-1

[Event "Lansing (MOR/1a/24)"]
[Site "?"]
[Date "1996.??.??"]
[Round "?"]
[White "Ivey, B."]
[Black "Carpenter, George"]
[Result "0-1"]
[WhiteElo "1605"]
[BlackElo "1605"]
[PlyCount "34"]
[EventDate "1996.??.??"]

1. e4 d6 2. f4 Nf6 3. d3 g6 4. Nf3 Bg7 5. Nbd2 O-O 6. Be2 Nbd7 7. O-O c6 8. b4
b5 9. Bb2 Ng4 10. Qc1 Qb6+ 11. d4 e5 12. Nb3 c5 13. c3 Bb7 14. h3 Ngf6 15. a4
Nxe4 16. Bxb5 Ng3 17. Bxd7 Ne2+ 0-1

[Event "Howell (US Am N/3/14)"]
[Site "?"]
[Date "1996.??.??"]
[Round "?"]
[White "Iverson, B."]
[Black "Wisckol, Richard"]
[Result "0-1"]
[WhiteElo "1605"]
[BlackElo "1930"]
[PlyCount "137"]
[EventDate "1996.??.??"]

{3/(14)} 1. d4 Nf6 2. Bg5 g6 3. Bxf6 exf6 4. e3 Bg7 5. Nd2 O-O 6. c3 d5 7. Bd3
Nd7 8. Ne2 f5 9. Nf4 Nf6 10. Qb3 c6 11. h4 Bh6 12. Nh3 Re8 13. O-O-O a5 14.
Rde1 a4 15. Qd1 b5 16. Nf3 Qd6 17. Ne5 Nh5 18. g4 fxg4 19. Nxg4 Bxg4 20. Qxg4
b4 21. c4 c5 22. Kb1 Nf6 23. Qd1 cxd4 24. exd4 Rec8 25. c5 Qd7 26. Ng5 Nh5 27.
Qf3 Bg7 28. Bb5 Qxb5 29. Qxf7+ Kh8 30. Qxd5 Rf8 31. Nf7+ Rxf7 32. Qxa8+ Rf8 33.
Qe4 Qc4 34. Rc1 Qxd4 35. Qxd4 Bxd4 36. c6 a3 37. c7 Rc8 38. Rhd1 Bf6 39. Rd6
axb2 40. Rc2 Kg7 41. Rb6 Be5 42. Rb7 Kf7 43. Rxb4 Nf6 44. Rb5 Bf4 45. Kxb2 Rxc7
46. Rxc7+ Bxc7 47. Rb7 Nd5 48. a4 Ke6 49. Kb3 Kd6 50. Kc4 h5 51. Kb5 Nc3+ 52.
Kb4 Nd5+ 53. Kb5 Bd8 54. Rg7 Nf4 55. a5 Bxh4 56. Rf7 Nd5 57. f3 Bd8 58. Rg7
Nc7+ 59. Ka4 g5 60. Rg6+ Ke5 61. Rg8 Be7 62. Rc8 Bd6 63. Rg8 Kf4 64. Rg6 Be5
65. a6 Nxa6 66. Rxa6 Kxf3 67. Kb5 h4 68. Ra3+ Kg4 69. Re3 0-1

[Event "Howell (US Am N/1/48)"]
[Site "?"]
[Date "1996.??.??"]
[Round "?"]
[White "Iverson, B."]
[Black "Tack, K."]
[Result "1/2-1/2"]
[WhiteElo "1605"]
[BlackElo "1605"]
[PlyCount "73"]
[EventDate "1996.??.??"]

{1/(48)} 1. d4 d5 2. Nf3 Nf6 3. e3 Bf5 4. c4 e6 5. Qb3 Qc8 6. cxd5 exd5 7. Nc3
c6 8. Be2 Nbd7 9. Bd2 Bd6 10. Rc1 a6 11. a4 Qc7 12. h3 h6 13. Na2 Ne4 14. Nb4
Ndf6 15. Nd3 g5 16. Bb4 g4 17. Bxd6 Qxd6 18. Nfe5 g3 19. f3 Nf2 20. Nxf2 gxf2+
21. Kxf2 Bc8 22. Bd3 Rg8 23. g4 Nd7 24. Nxd7 Bxd7 25. a5 h5 26. Rcg1 O-O-O 27.
Be2 hxg4 28. hxg4 Rh8 29. f4 Qf6 30. Kg3 Rdg8 31. Qd3 Rh6 32. Rxh6 Qxh6 33. g5
Qh3+ 34. Kf2 Bf5 35. Qd1 Qh4+ 36. Rg3 Qh2+ 37. Rg2 1/2-1/2

[Event "Kalamazoo (Mini-Swiss.2/1)"]
[Site "?"]
[Date "1996.??.??"]
[Round "?"]
[White "Ingles, Darrell"]
[Black "Turkalo, A."]
[Result "0-1"]
[WhiteElo "1605"]
[BlackElo "1775"]
[PlyCount "68"]
[EventDate "1996.??.??"]

{2/(1)} 1. e4 c5 2. Nf3 d6 3. d4 cxd4 4. Nxd4 Nf6 5. Nc3 a6 6. Be2 e5 7. Nf3 h6
8. O-O Be7 9. Bd3 O-O 10. Be3 Be6 11. a3 Nbd7 12. b4 Rc8 13. Qd2 Nb6 14. Bxb6
Qxb6 15. Rac1 Rc7 16. Ne2 Rfc8 17. c3 Bg4 18. Kh1 Qc6 19. Qe3 Nd7 20. h3 Be6
21. Nd2 Bg5 22. f4 exf4 23. Nxf4 Qa4 24. Qf3 Ne5 25. Qg3 Rxc3 26. Rxc3 Rxc3 27.
Nxe6 Rxd3 28. Qf2 Rxd2 29. Qf5 g6 30. Nc5 Qe8 31. Qxg5 hxg5 32. Nxb7 Qb5 33.
Rf6 Qxb7 34. a4 Qxe4 0-1

[Event "Kalamazoo (Mini-Swiss.2/3)"]
[Site "?"]
[Date "1996.??.??"]
[Round "?"]
[White "Ingles, Darrell"]
[Black "Griffin, John"]
[Result "0-1"]
[WhiteElo "1605"]
[BlackElo "1605"]
[PlyCount "132"]
[EventDate "1996.??.??"]

{2/(3)} 1. d4 Nf6 2. c4 e6 3. e3 b6 4. Nc3 Bb7 5. Nf3 d5 6. b3 Nbd7 7. Be2 Ne4
8. Qc2 Be7 9. cxd5 Nxc3 10. Qxc3 Bxd5 11. O-O Bb7 12. Bb2 Nf6 13. Ne5 O-O 14.
Rac1 Nd5 15. Qc4 c5 16. dxc5 Bxc5 17. Rfd1 Qg5 18. Nf3 Qh6 19. e4 Nf4 20. Rc2
Qg6 21. Nh4 Nxe2+ 22. Qxe2 Qxe4 23. Qxe4 Bxe4 24. Re2 Rfd8 25. Red2 Be7 26. g3
Rxd2 27. Rxd2 Rd8 28. Rxd8+ Bxd8 29. Ng2 Bb1 30. a3 f6 31. Ne3 a5 32. Kf1 Kf7
33. Ke2 Ke7 34. Kd2 Be4 35. Kc3 Bc7 36. Kc4 Bc6 37. b4 axb4 38. axb4 Bf3 39.
Kb5 Be2+ 40. Nc4 Bxc4+ 41. Kxc4 Kd6 42. h3 Kc6 43. b5+ Kd6 44. f4 e5 45. f5 g6
46. Ba3+ Kd7 47. fxg6 hxg6 48. Kd5 f5 49. Bf8 e4 50. Bh6 Bxg3 51. Be3 Kc7 52.
Bd2 Bf2 53. Bf4+ Kd7 54. Kc4 e3 55. Kd3 Ke6 56. Bc7 e2 57. Kxe2 Bd4 58. Kd3 Kd5
59. Bd8 Bc5 60. Bc7 Bg1 61. Bf4 Kc5 62. Kc3 Kxb5 63. Kb3 Kc5 64. Bc7 Kd5 65.
Kc3 Ke4 66. Kd2 Kf3 0-1

[Event "Kalamazoo (Mini-Swiss.2/2)"]
[Site "?"]
[Date "1996.??.??"]
[Round "?"]
[White "Ingles, Darrell"]
[Black "Dorrington, Eldon"]
[Result "1/2-1/2"]
[WhiteElo "1605"]
[BlackElo "1605"]
[PlyCount "89"]
[EventDate "1996.??.??"]

{2/(2)} 1. d4 d5 2. Nf3 Bf5 3. g3 Nf6 4. Bg2 c6 5. O-O Nbd7 6. e3 h6 7. Nbd2 e6
8. c4 Be7 9. Ne5 Nxe5 10. dxe5 Nd7 11. cxd5 exd5 12. f4 Qc8 13. b3 Nc5 14. Nf3
Bh3 15. Nd4 Bxg2 16. Kxg2 h5 17. Ba3 Ne4 18. Bxe7 Kxe7 19. h3 f5 20. Rc1 g6 21.
Qc2 Qe8 22. Qb2 Kf7 23. e6+ Kg8 24. b4 Rh7 25. Rc2 Nd6 26. Rfc1 Nc4 27. Qc3 a5
28. Qb3 axb4 29. Rxc4 dxc4 30. Qxc4 Re7 31. Rc2 Qd8 32. Kf2 Qa5 33. h4 Rc8 34.
Nb3 Qb6 35. Nc5 Rd8 36. Nd7 Qb5 37. Qd4 Rxe6 38. Nf6+ Kf7 39. Qxd8 Rxf6 40. Rd2
Kg7 41. Rd7+ Rf7 42. Rxf7+ Kxf7 43. Qd7+ Kg8 44. Qe8+ Kg7 45. Qe7+ 1/2-1/2

[Event "Lansing (MOR/4/15)"]
[Site "?"]
[Date "1996.??.??"]
[Round "?"]
[White "Imai, Toshio"]
[Black "Westberg, A."]
[Result "1-0"]
[WhiteElo "1700"]
[BlackElo "1605"]
[PlyCount "111"]
[EventDate "1996.??.??"]

{4/(15)} 1. e4 e5 2. Bc4 Nf6 3. d4 exd4 4. Nf3 Be7 5. e5 Ng4 6. h3 Nh6 7. Bxh6
gxh6 8. Qd2 Bg5 9. Nxg5 Qxg5 10. f4 Qg3+ 11. Kf1 Qe3 12. Qxe3 dxe3 13. Ke2 Rg8
14. g4 Nc6 15. Kxe3 d6 16. exd6 cxd6 17. Nc3 Be6 18. Bd3 Rg7 19. f5 Bd7 20.
Rae1 O-O-O 21. Kd2 f6 22. Ne4 Ne5 23. Nxd6+ Kc7 24. Ne4 Nf3+ 25. Kc1 Nxe1 26.
Rxe1 Re7 27. Rd1 Rc8 28. Kd2 a6 29. Nc3 Bc6 30. Rg1 Rd8 31. Rg3 Rde8 32. Ne2
Kb6 33. Nd4 Be4 34. Ne6 Bd5 35. Nf4 Bxa2 36. b3 Kc5 37. Kc3 Rd8 38. Ne6+ Kd6
39. Nxd8 Rc7+ 40. Kb2 Bxb3 41. cxb3 Ke5 42. Ne6 Rd7 43. Bc2 h5 44. Re3+ Kd6 45.
Rd3+ Ke7 46. Rxd7+ Kxd7 47. Kc3 hxg4 48. hxg4 Kd6 49. Kd4 b6 50. Bd3 b5 51. b4
Kc6 52. Nc5 Kb6 53. Nd7+ Kc6 54. Nxf6 Kd6 55. Nxh7 Ke7 56. f6+ 1-0

[Event "Lansing (MOR/1b/8)"]
[Site "?"]
[Date "1996.??.??"]
[Round "?"]
[White "Imai, Toshio"]
[Black "Montgomery, D."]
[Result "0-1"]
[WhiteElo "1700"]
[BlackElo "1605"]
[PlyCount "66"]
[EventDate "1996.??.??"]

1. e4 c5 2. Nf3 d6 3. Bb5+ Bd7 4. Bxd7+ Nxd7 5. O-O Ngf6 6. Qe2 e6 7. c3 Be7 8.
d4 cxd4 9. cxd4 O-O 10. Nc3 a6 11. Rd1 b5 12. e5 Ne8 13. Bf4 d5 14. Rac1 f6 15.
Bg3 f5 16. Qd2 Nb6 17. b3 h6 18. h4 Kh7 19. h5 Nc7 20. Ne2 Bg5 21. Bf4 Bxf4 22.
Nxf4 Rc8 23. Ng6 Rf7 24. Qf4 b4 25. Rc6 Nb5 26. Rxc8 Nxc8 27. Qg3 Nc3 28. Rd2
Ne4 29. Qf4 Nxd2 30. Qxd2 a5 31. Nf4 Qb6 32. Nh4 Ne7 33. Ne2 Rf8 0-1

[Event "Flint (MI Jr/2/23)"]
[Site "?"]
[Date "1996.??.??"]
[Round "?"]
[White "Houser, Rick"]
[Black "McNair, Shawn"]
[Result "0-1"]
[WhiteElo "1605"]
[BlackElo "1605"]
[PlyCount "58"]
[EventDate "1996.??.??"]

{2/(23)} 1. e4 e5 2. Nf3 Nc6 3. Nc3 Bc5 4. Bb5 Nf6 5. d3 O-O 6. O-O Nd4 7. Nxe5
Nxb5 8. Nxb5 d6 9. Nf3 Re8 10. Bg5 Bd7 11. Bxf6 Qxf6 12. Nxc7 Qxb2 13. Nxe8
Rxe8 14. Rb1 Qxa2 15. Rxb7 Bg4 16. d4 Bb6 17. h3 Bxf3 18. Qxf3 Bxd4 19. Rfb1
Bb6 20. Rb4 Rf8 21. Qg3 Qxc2 22. Qxd6 Qxf2+ 23. Kh2 Qg1+ 24. Kg3 Qe1+ 25. Kf4
Qh4+ 26. g4 Qf2+ 27. Ke5 Re8+ 28. Kd5 Rd8 29. Rb8 Qc5# 0-1

[Event "Howell (US Am N/4/30)"]
[Site "?"]
[Date "1996.??.??"]
[Round "?"]
[White "Hoskins, M."]
[Black "Rosebrook, G."]
[Result "1-0"]
[WhiteElo "1610"]
[BlackElo "1605"]
[PlyCount "63"]
[EventDate "1996.??.??"]

{4/(30)} 1. Nf3 e6 2. g3 Nf6 3. Bg2 Be7 4. d3 Nc6 5. O-O O-O 6. e4 d6 7. Nbd2
h6 8. Nc4 Re8 9. a4 e5 10. Ne3 b6 11. Nh4 Nd4 12. c3 Ne6 13. f4 Nh7 14. Nhf5
Bf8 15. fxe5 dxe5 16. Ng4 Ba6 17. Rf3 Nc5 18. Bf1 Nxe4 19. Be2 Neg5 20. Rf1 e4
21. d4 Bb7 22. Nfe3 Bd6 23. Bc4 Nf3+ 24. Kg2 h5 25. Nf2 Nxh2 26. Bxf7+ Kh8 27.
Qxh5 Nxf1 28. Bg6 Kg8 29. Qxh7+ Kf8 30. Qh8+ Ke7 31. Qxg7+ Ke6 32. Qf7# 1-0

[Event "Howell (US Am N/3/34)"]
[Site "?"]
[Date "1996.??.??"]
[Round "?"]
[White "Hoskins, M."]
[Black "Evans Sr., Thomas"]
[Result "1/2-1/2"]
[WhiteElo "1610"]
[BlackElo "1605"]
[PlyCount "110"]
[EventDate "1996.??.??"]

{3/(34)} 1. Nf3 e6 2. g3 d5 3. d3 Be7 4. Bg2 Nf6 5. O-O O-O 6. Nbd2 Nc6 7. e4
dxe4 8. dxe4 e5 9. a3 Bg4 10. h3 Bh5 11. Qe1 Bxf3 12. Nxf3 Nd4 13. Nxd4 Qxd4
14. Qe2 Qd7 15. Be3 Qc6 16. Bg5 Rfe8 17. Bxf6 Bxf6 18. Rfe1 Rad8 19. Rad1 h6
20. Rxd8 Rxd8 21. Rd1 Rxd1+ 22. Qxd1 Qd6 23. Qd3 Qxd3 24. cxd3 Kf8 25. b3 Ke7
26. f4 Kd6 27. Kf2 Kc5 28. Ke3 exf4+ 29. gxf4 Bd4+ 30. Kd2 f6 31. e5 fxe5 32.
fxe5 Bxe5 33. Bxb7 Bb2 34. a4 Kd6 35. Ke3 Kc5 36. Kd2 Bd4 37. Kc2 Kd6 38. Kd2
Ke5 39. Ke2 Kf4 40. Bc8 h5 41. Kf1 g5 42. Kg2 g4 43. hxg4 hxg4 44. Be6 g3 45.
Bd5 Bf2 46. Be4 Ke3 47. Bf5 Kd4 48. Be4 Kc3 49. Bd5 Kxd3 50. Bc4+ Kc3 51. Kf3
c5 52. Kg2 Kd4 53. Kf3 a5 54. Kg2 Ke3 55. Bd5 Kf4 1/2-1/2

[Event "Ann Arbor (Mini-Swiss/2/12)"]
[Site "?"]
[Date "1996.??.??"]
[Round "?"]
[White "Hosking, R."]
[Black "Wood, C."]
[Result "0-1"]
[WhiteElo "1605"]
[BlackElo "1605"]
[PlyCount "70"]
[EventDate "1996.??.??"]

{2/(12)} 1. d4 Nf6 2. Nf3 d5 3. Bg5 Ne4 4. Bh4 Nc6 5. Nbd2 Bf5 6. e3 g6 7. Nxe4
dxe4 8. Nd2 Bg7 9. c3 Qd7 10. Bb5 O-O 11. Bg3 a6 12. Ba4 b5 13. Bc2 Bg4 14. Qb1
f5 15. h3 Bh5 16. Bf4 e5 17. Bb3+ Kh8 18. Bh2 exd4 19. cxd4 Nb4 20. Bc2 Qc6 21.
O-O Qxc2 22. Qxc2 Nxc2 23. Rac1 Be2 24. Rxc2 Bxf1 25. Kxf1 Rac8 26. Nb3 Rf7 27.
Nc5 a5 28. Ne6 h5 29. Nxg7 Kxg7 30. Be5+ Kf8 31. Bd6+ Ke8 32. Rc5 Kd7 33. Bf4
a4 34. b4 Ra8 35. a3 h4 0-1

[Event "Kalamazoo (MI Am/1/17)"]
[Site "?"]
[Date "1996.??.??"]
[Round "?"]
[White "Hosking, R."]
[Black "Post, Robert"]
[Result "0-1"]
[WhiteElo "1605"]
[BlackElo "1680"]
[PlyCount "52"]
[EventDate "1996.??.??"]

{1/(17)} 1. d4 g6 2. Nf3 Nf6 3. Bg5 Bg7 4. Nbd2 d6 5. c3 O-O 6. e4 Bg4 7. Qc2
h6 8. Bh4 Nbd7 9. Be2 g5 10. Bg3 Nh5 11. Bd3 c5 12. h3 Nxg3 13. fxg3 Bh5 14. g4
Bg6 15. Nf1 cxd4 16. cxd4 Rc8 17. Qf2 d5 18. Ng3 Qa5+ 19. Nd2 Qb4 20. Ke2 Bxd4
21. Qf3 Ne5 22. Qf1 Nxd3 23. Kxd3 dxe4+ 24. Ngxe4 Rfd8 25. Ke2 Bxe4 26. Nxe4
Bxb2 0-1

[Event "Kalamazoo (MI Am/4/26)"]
[Site "?"]
[Date "1996.??.??"]
[Round "?"]
[White "Hosking, R."]
[Black "Mihelich, John"]
[Result "1/2-1/2"]
[WhiteElo "1605"]
[BlackElo "1605"]
[PlyCount "97"]
[EventDate "1996.??.??"]

{4/(26)} 1. d4 d5 2. Nf3 Nc6 3. c3 Nf6 4. Bg5 Ne4 5. Bh4 h6 6. Nbd2 f5 7. h3
Be6 8. e3 Qd6 9. Nxe4 fxe4 10. Bg3 Qd7 11. Bb5 exf3 12. Qxf3 O-O-O 13. a4 a6
14. Bd3 g5 15. Qd1 Bg7 16. b4 Bf5 17. Be2 e5 18. b5 Nb8 19. bxa6 Nxa6 20. Ra2
Qc6 21. Qd2 exd4 22. cxd4 Bf8 23. O-O Bd6 24. Rc1 Qd7 25. Bxa6 bxa6 26. Qa5 Bd3
27. Rb2 Bxg3 28. fxg3 Qd6 29. Rb6 Qxg3 30. Rbc6 Qxe3+ 31. Kh1 Qxc1+ 32. Rxc1
Rh7 33. Qc3 Bc4 34. Qe3 Rhd7 35. Qe6 h5 36. Qf5 g4 37. hxg4 hxg4 38. Qxg4 Bd3
39. Re1 Be4 40. Rxe4 dxe4 41. Qxe4 Rxd4 42. Qa8+ Kd7 43. Qxa6 c6 44. Qa7+ Ke6
45. Qb7 Kf5 46. Qxc6 Kg4 47. Qf3+ Kg5 48. Qe3+ Kg4 49. Qf3+ 1/2-1/2

[Event "Howell (US Am N/3/36)"]
[Site "?"]
[Date "1996.??.??"]
[Round "?"]
[White "Hooker, Larry"]
[Black "Snobeck, Michael"]
[Result "0-1"]
[WhiteElo "1605"]
[BlackElo "1605"]
[PlyCount "86"]
[EventDate "1996.??.??"]

{3/(36)} 1. e4 c5 2. Nf3 d6 3. Bc4 Nc6 4. Ng5 e6 5. Nf3 Nf6 6. Nc3 a6 7. O-O b5
8. Be2 b4 9. Na4 Nxe4 10. d3 Nf6 11. Bg5 Be7 12. b3 Bd7 13. Nb2 Nd5 14. Bxe7
Ncxe7 15. Nc4 Qc7 16. Qd2 O-O 17. d4 Rad8 18. Qg5 Ng6 19. Ne3 Ndf4 20. Bxa6 e5
21. d5 h6 22. Qxd8 Qxd8 23. Bc4 Ne7 24. Nd2 Bc8 25. g3 Nh3+ 26. Kg2 Nf5 27.
Nxf5 Bxf5 28. Be2 Ng5 29. h4 Bh3+ 30. Kh2 Bxf1 31. Rxf1 Nh7 32. f4 exf4 33.
Rxf4 Re8 34. Bb5 Re7 35. g4 Qa8 36. Bc6 Qxa2 37. g5 Re2+ 38. Kg3 Rxd2 39. gxh6
Qxc2 40. hxg7 Rg2+ 41. Kh3 Rh2+ 42. Kg4 Qg2+ 43. Kf5 Qg6# 0-1

[Event "Howell (US Am N/1/39)"]
[Site "?"]
[Date "1996.??.??"]
[Round "?"]
[White "Hooker, Larry"]
[Black "Moore, Robert"]
[Result "0-1"]
[WhiteElo "1605"]
[BlackElo "1700"]
[PlyCount "64"]
[EventDate "1996.??.??"]

{1/(39)} 1. e4 c5 2. Nf3 d6 3. Bc4 e6 4. Nc3 Nf6 5. O-O Be7 6. d3 O-O 7. Bg5 a6
8. Re1 b5 9. Bb3 Qc7 10. Qe2 Nc6 11. e5 dxe5 12. Nxe5 Nxe5 13. Qxe5 Qxe5 14.
Rxe5 Bd6 15. Re3 Ng4 16. Rh3 Be5 17. Bh4 Bb7 18. Bg3 Bd4 19. Rh4 Nh6 20. Bf4
Nf5 21. Rh3 Kh8 22. g4 Ne7 23. Bd6 Rfe8 24. Rb1 Ng6 25. Ne2 Rad8 26. Bc7 Rd7
27. Ba5 Ne5 28. Nxd4 Rxd4 29. Rg3 Rxg4 30. Rxg4 Nxg4 31. Bd2 Ne5 32. c3 Nf3+
0-1

[Event "Howell (US Am N/4/44)"]
[Site "?"]
[Date "1996.??.??"]
[Round "?"]
[White "Hooker, Larry"]
[Black "Haygood, Norman"]
[Result "0-1"]
[WhiteElo "1605"]
[BlackElo "1605"]
[PlyCount "142"]
[EventDate "1996.??.??"]

{4/(44)} 1. e4 c6 2. Nc3 d5 3. exd5 cxd5 4. d4 Nf6 5. Nf3 Bg4 6. Bb5+ Nc6 7.
O-O e6 8. Qd3 Bf5 9. Qd2 a6 10. Bxc6+ bxc6 11. Ne5 Qc7 12. Nf3 Bd6 13. Qd1 Qb6
14. Ne2 c5 15. dxc5 Qxc5 16. c3 O-O 17. Be3 Qc7 18. Ned4 Be4 19. g3 Rab8 20.
Nd2 Bd3 21. Re1 Rxb2 22. N4b3 e5 23. Nb1 Bxb1 24. Rxb1 Rxb1 25. Qxb1 Qxc3 26.
Bd2 Qf3 27. Re3 Qg4 28. Qd3 d4 29. Re1 Qh3 30. f3 Qc8 31. Rc1 Qb7 32. Na5 Qb5
33. Qxb5 axb5 34. Rc6 Ba3 35. Rb6 b4 36. Nc4 Nd5 37. Rb5 Nc3 38. Ra5 e4 39.
Nxa3 bxa3 40. Rxa3 Nb1 41. Ra4 Nxd2 42. fxe4 Rd8 43. Ra3 Nxe4 44. Rd3 f5 45.
Kf1 Kf7 46. a4 Ke6 47. a5 Kd5 48. Ke2 Rb8 49. Ra3 Nc3+ 50. Kd3 Kc5 51. a6 Ra8
52. Ra1 g5 53. Ra5+ Nb5 54. Ke2 Kb6 55. Ra1 Rxa6 56. Rb1 Ra2+ 57. Kf3 Rxh2 58.
g4 Rh3+ 59. Kg2 fxg4 60. Kf2 Rf3+ 61. Kg2 Kc5 62. Rc1+ Rc3 63. Rd1 Kc4 64. Kf2
Rf3+ 65. Kg2 d3 66. Rc1+ Nc3 67. Kg1 d2 68. Ra1 d1=Q+ 69. Rxd1 Nxd1 70. Kg2
Ne3+ 71. Kg1 g3 0-1

[Event "Detroit (MI Action/6/18)"]
[Site "?"]
[Date "1996.??.??"]
[Round "?"]
[White "Hooker, Larry"]
[Black "Goerke, Daniel"]
[Result "1-0"]
[WhiteElo "1605"]
[BlackElo "1605"]
[PlyCount "59"]
[EventDate "1996.??.??"]

{6/(18)} 1. e4 e5 2. Nf3 Nc6 3. Nc3 Nf6 4. Bc4 d5 5. exd5 Nxd5 6. Bxd5 Bd7 7.
d3 Bb4 8. Ng5 Bxc3+ 9. bxc3 Be6 10. Bxe6 fxe6 11. Nxe6 Qd7 12. Nc5 Qd5 13. Ne4
O-O 14. O-O Ne7 15. Ba3 Rae8 16. Qg4 Rf4 17. Qe2 Nf5 18. g3 Rh4 19. gxh4 Nxh4
20. Qg4 Ng6 21. h4 h6 22. h5 Nf4 23. Nf6+ Kh8 24. Nxd5 Ne2+ 25. Qxe2 b5 26.
Nxc7 Rc8 27. Qxe5 Rxc7 28. Qxc7 a5 29. Bf8 g5 30. Qg7# 1-0

[Event "Detroit (WCO/2/20)"]
[Site "?"]
[Date "1996.??.??"]
[Round "?"]
[White "Hooker, Larry"]
[Black "Felton, H."]
[Result "1-0"]
[WhiteElo "1605"]
[BlackElo "1605"]
[PlyCount "39"]
[EventDate "1996.??.??"]

{2/(20)} 1. e4 e6 2. Nc3 d5 3. exd5 exd5 4. Nf3 Nf6 5. d4 Be6 6. Qe2 Bb4 7. Ng5
Qd6 8. Bd2 a6 9. a3 Ba5 10. Qd3 h6 11. Nxe6 Qxe6+ 12. Be2 O-O 13. O-O Nbd7 14.
Rae1 c6 15. Qg3 Bxc3 16. Bf3 Ne4 17. Bxe4 dxe4 18. Bxc3 f5 19. d5 cxd5 20.
Qxg7# 1-0

[Event "Detroit (Beg/5/5)"]
[Site "?"]
[Date "1996.??.??"]
[Round "?"]
[White "Hollinsworth, Galon"]
[Black "Sobh, S."]
[Result "0-1"]
[WhiteElo "1605"]
[BlackElo "1605"]
[PlyCount "50"]
[EventDate "1996.??.??"]

{5/(5)} 1. e4 e5 2. Nf3 Nc6 3. Nc3 Nf6 4. Be2 Bc5 5. Nxe5 Bxf2+ 6. Kxf2 Nxe5 7.
Rf1 O-O 8. d4 Ng6 9. e5 Ne8 10. Bd3 Qh4+ 11. Kg1 Qxd4+ 12. Be3 Qxe3+ 13. Kh1
Qxe5 14. Rf5 Qe7 15. Qf1 Nf6 16. Re1 Qd6 17. Nb5 Qb6 18. c4 d5 19. Rf2 c6 20.
Nd6 Qc7 21. Nf5 Ng4 22. Rf4 Nxf4 23. Re7 Qb6 24. Ne3 Nxe3 25. Qf3 Nf5 {
[Remainder illegible; 0-1, 31?]} 0-1

[Event "Detroit (WCO/3/23)"]
[Site "?"]
[Date "1996.??.??"]
[Round "?"]
[White "Hollinsworth, Galon"]
[Black "Saenz, Scott"]
[Result "1-0"]
[WhiteElo "1605"]
[BlackElo "2720"]
[PlyCount "109"]
[EventDate "1996.??.??"]

{3/(23)} 1. e4 c5 2. Nf3 Nc6 3. c3 d6 4. Be2 e6 5. O-O Nf6 6. Qc2 Be7 7. d4
cxd4 8. cxd4 Bd7 9. Nc3 O-O 10. a3 Rc8 11. Qd1 a6 12. Be3 Ng4 13. Qd3 b5 14. b4
Qc7 15. Rac1 Qa7 16. Bd2 f5 17. h3 fxe4 18. Nxe4 Nf6 19. Ng3 Rc7 20. Be3 Qa8
21. Bg5 Be8 22. Nh4 Bf7 23. Bf3 d5 24. Bf4 Rcc8 25. Be5 Nxe5 26. dxe5 Nd7 27.
Qd4 Qb8 28. Bh5 Nxe5 29. Rxc8 Rxc8 30. Bxf7+ Nxf7 31. Nh5 e5 32. Qg4 g6 33. Nf5
Bd8 34. Ne3 d4 35. Nd5 Qb7 36. Nhf6+ Bxf6 37. Nxf6+ Kh8 38. Qh4 Nd6 39. Ng4 Nc4
40. Qf6+ Qg7 41. Qxa6 h5 42. Qxc8+ Kh7 43. Nh2 d3 44. a4 bxa4 45. Qxc4 d2 46.
Rd1 e4 47. Qxe4 Qc3 48. Qe7+ Kh6 49. Qf8+ Kh7 50. Qf4 a3 51. Qxd2 Qb3 52. Qd7+
Kh6 53. Ra1 g5 54. Qa7 Qxb4 55. Qxa3 1-0

[Event "Detroit (Beg/3/10)"]
[Site "?"]
[Date "1996.??.??"]
[Round "?"]
[White "Hollinsworth, Galon"]
[Black "Meuser, B."]
[Result "1-0"]
[WhiteElo "1605"]
[BlackElo "1605"]
[PlyCount "37"]
[EventDate "1996.??.??"]

{3/(10)} 1. e4 e5 2. Nf3 Nc6 3. Nc3 Bc5 4. Nxe5 Nxe5 5. d4 Bxd4 6. Qxd4 d6 7.
Be2 Nf6 8. Bg5 h6 9. Bxf6 gxf6 10. f4 Nc6 11. Qd3 b6 12. O-O-O Bb7 13. Qg3 Qe7
14. Bg4 Rg8 15. Nd5 Qd8 16. Qh4 Rg6 17. Bf5 Rxg2 18. Qxh6 Ne7 19. Nxf6# 1-0

[Event "Lansing (MOR/4/44)"]
[Site "?"]
[Date "1996.??.??"]
[Round "?"]
[White "Hollinsworth, Galon"]
[Black "Krimmel, J."]
[Result "1/2-1/2"]
[WhiteElo "1605"]
[BlackElo "1605"]
[PlyCount "93"]
[EventDate "1996.??.??"]

{4/(44)} 1. e4 e5 2. Nf3 Nc6 3. Nc3 Bc5 4. Nxe5 Nxe5 5. d4 Bb4 6. dxe5 Bxc3+ 7.
bxc3 Ne7 8. Bg5 h6 9. Bh4 O-O 10. Be2 Qe8 11. O-O Ng6 12. Bg3 Nxe5 13. Rb1 b6
14. Qd5 Nc6 15. Bxc7 Bb7 16. Qd3 Na5 17. Rb4 Nc6 18. Ra4 Kh8 19. Rd1 Rc8 20.
Qxd7 Qxd7 21. Rxd7 Na5 22. Rad4 Nc6 23. Rd1 Kg8 24. Bxb6 axb6 25. Rxb7 Na5 26.
Rxb6 Rxc3 27. Ra6 Nb7 28. Rd2 Rfc8 29. Bd1 Nc5 30. Ra5 Nxe4 31. Re2 Rd8 32. Re1
Rd2 33. f4 Re3 34. Rf1 f6 35. c4 Red3 36. Bh5 Rd8 37. c5 R2d5 38. Re1 Rxc5 39.
Ra4 f5 40. Bf3 Nc3 41. Ra7 Nb5 42. Ra5 Rdc8 43. h4 Nd4 44. Bd5+ Kh7 45. Rxc5
Rxc5 46. Re5 Rc1+ 47. Kh2 {[Remainder illegible; 1/2-1/2, 73?]} 1/2-1/2

[Event "Lansing (MOR/2/48)"]
[Site "?"]
[Date "1996.??.??"]
[Round "?"]
[White "Hollinsworth, Galon"]
[Black "Jackson, T."]
[Result "0-1"]
[WhiteElo "1605"]
[BlackElo "1605"]
[PlyCount "96"]
[EventDate "1996.??.??"]

{2/(48)} 1. e4 d6 2. d4 Nf6 3. Nc3 g6 4. Bg5 Bg7 5. Qd2 h6 6. Bxf6 exf6 7. Bc4
O-O 8. Nge2 Re8 9. O-O b6 10. f4 Bb7 11. d5 c6 12. Rae1 b5 13. dxc6 Bxc6 14.
Bd3 b4 15. Nd5 Bxd5 16. exd5 Qb6+ 17. Kh1 a5 18. c3 f5 19. Bc2 Rc8 20. Nd4 Bxd4
21. cxd4 Nd7 22. Re7 Qb7 23. Ba4 Rd8 24. Rc1 Qa7 25. Rc6 Re8 26. Rxe8+ Rxe8 27.
Rxd6 Re7 28. g4 fxg4 29. f5 f6 30. fxg6 Kg7 31. Qd1 Qc7 32. Re6 Rxe6 33. dxe6
Qb7+ 34. Kg1 Nb6 35. Bb5 Qe4 36. Bd7 Nd5 37. Bc6 Qe3+ 38. Kf1 Qxe6 39. Bxd5
Qxd5 40. b3 Qh1+ 41. Ke2 Qxh2+ 42. Kd3 Qg3+ 43. Kc4 Qc7+ 44. Kb5 g3 45. d5 g2
46. d6 Qb7+ 47. Kxa5 Qa7+ 48. Kxb4 g1=Q 0-1

[Event "Detroit (WCO/4/15)"]
[Site "?"]
[Date "1996.??.??"]
[Round "?"]
[White "Hollinsworth, Galon"]
[Black "Duma, E."]
[Result "1-0"]
[WhiteElo "1605"]
[BlackElo "1605"]
[PlyCount "31"]
[EventDate "1996.??.??"]

{4/(15)} 1. e4 e5 2. Nf3 Nc6 3. Nc3 Bc5 4. Nxe5 Nxe5 5. d4 Bxd4 6. Qxd4 d6 7.
Bf4 c5 8. Qd2 Be6 9. Rd1 Ke7 10. Bxe5 dxe5 11. Qg5+ f6 12. Qxg7+ Bf7 13. Rxd8
Rxd8 14. Bc4 Rf8 15. O-O Nh6 16. Bxf7 1-0